[Event "Biel Blitz op 58th"]
[Site "Biel"]
[Date "2025.07.20"]
[Round "1"]
[White "Ragios, Konstantinos"]
[Black "Anetov, Aisultan"]
[Result "1-0"]
[WhiteElo "1996"]
[BlackElo "1692"]
[PlyCount "129"]
[EventDate "2025.07.20"]
[EventType "swiss (blitz)"]
[EventRounds "13"]
[EventCountry "SUI"]
[SourceTitle "CB30_2025"]
[SourceDate "2025.07.23"]
[SourceVersion "1"]
[SourceVersionDate "2025.07.23"]
[SourceQuality "1"]

1. e4 e5 2. Nf3 Nc6 3. Bb5 a6 4. Ba4 Nf6 5. 0-0 Be7 6. Re1 b5 7. Bb3 0-0 8. c3 d5 9. exd5 Nxd5 10. Nxe5 Nxe5 11. Rxe5 c6 12. d4 Bd6 13. Re1 Qh4 14. g3 Qh3 15. Bxd5 cxd5 16. Qf3 Bb7 17. Bf4 Bxf4 18. Qxf4 Rfe8 19. Nd2 f6 20. Nf3 Qd7 21. Rxe8+ Rxe8 22. Re1 Rxe1+ 23. Nxe1 Qe7 24. Qe3 Qd7 25. Nd3 Kf7 26. Nc5 Qc8 27. Qf4 Qc6 28. Qf5 h6 29. Qd7+ Qxd7 30. Nxd7 Bc8 31. Nc5 Ke7 32. f4 Kd6 33. Kf2 a5 34. Ke3 a4 35. a3 Bf5 36. Nd3 h5 37. Ne1 g5 38. Nf3 g4 39. Ne1 Kc6 40. Ng2 Be4 41. Nh4 Kd6 42. f5 Kc6 43. Kf4 Kd6 44. Ng6 Bd3 45. Nf8 Ke7 46. Ne6 Kd6 47. Ng7 Be2 48. Nxh5 Ke7 49. Ng7 Kf7 50. Ne6 Ke7 51. Nc7 Kd7 52. Nxd5 Kd6 53. Nxf6 Kc6 54. Ke5 Kc7 55. d5 Kd8 56. d6 Bc4 57. Nxg4 Kd7 58. Ne3 Bf7 59. g4 b4 60. cxb4 Kc6 61. g5 Kd7 62. g6 Bb3 63. f6 Ke8 64. Nd5 Kf8 65. d7 1-0

[Event "Biel Blitz op 58th"]
[Site "Biel"]
[Date "2025.07.20"]
[Round "9"]
[White "Ragios, Konstantinos"]
[Black "Ermeni, Avni"]
[Result "0-1"]
[WhiteElo "1996"]
[BlackElo "2171"]
[PlyCount "90"]
[EventDate "2025.07.20"]
[EventType "swiss (blitz)"]
[EventRounds "13"]
[EventCountry "SUI"]
[SourceTitle "CB30_2025"]
[SourceDate "2025.07.23"]
[SourceVersion "1"]
[SourceVersionDate "2025.07.23"]
[SourceQuality "1"]

1. e4 e5 2. Nf3 Nc6 3. Bb5 g6 4. 0-0 Bg7 5. d3 Nge7 6. Be3 a6 7. Ba4 h6 8. Qd2 g5 9. Nc3 0-0 10. h4 f6 11. Nh2 Ng6 12. hxg5 fxg5 13. Nd5 Kh8 14. Qd1 Nce7 15. Qh5 Nxd5 16. Qxg6 Nf4 17. Bxf4 exf4 18. Ng4 Qe8 19. Qxe8 Rxe8 20. c3 b5 21. Bc2 d5 22. Nh2 dxe4 23. dxe4 Bb7 24. f3 c5 25. Rfd1 Rad8 26. Ng4 b4 27. cxb4 cxb4 28. Rab1 Rxd1+ 29. Bxd1 Rd8 30. Bb3 Rd2 31. Rd1 Rxd1+ 32. Bxd1 Bxb2 33. Nxh6 Kg7 34. Nf5+ Kf6 35. Bb3 Bc8 36. Nd6 Be6 37. Nc4 Bd4+ 38. Kf1 g4 39. Ke2 g3 40. Kd3 Bf2 41. Nd6 Bh3 42. Ke2 Bxg2 43. Nc4 Bh3 44. Nd2 Be3 45. Nf1 g2 0-1

[Event "Biel Blitz op 58th"]
[Site "Biel"]
[Date "2025.07.20"]
[Round "11"]
[White "Ragios, Konstantinos"]
[Black "Federer, Colin"]
[Result "0-1"]
[WhiteElo "1996"]
[BlackElo "2098"]
[PlyCount "64"]
[EventDate "2025.07.20"]
[EventType "swiss (blitz)"]
[EventRounds "13"]
[EventCountry "SUI"]
[SourceTitle "CB30_2025"]
[SourceDate "2025.07.23"]
[SourceVersion "1"]
[SourceVersionDate "2025.07.23"]
[SourceQuality "1"]

1. e4 c5 2. Nf3 d6 3. d4 cxd4 4. Nxd4 Nf6 5. Nc3 a6 6. Be2 e5 7. Nb3 Be7 8. 0-0 0-0 9. Bg5 Be6 10. Qd2 Nbd7 11. Rfd1 Rc8 12. Rac1 h6 13. Be3 Nb6 14. f3 d5 15. exd5 Nbxd5 16. Nxd5 Nxd5 17. c3 Qc7 18. Bf2 Bg5 19. Qc2 Ne3 20. Bxe3 Bxe3+ 21. Kh1 Bxc1 22. Qxc1 Rfd8 23. Re1 Rd7 24. Qc2 Rcd8 25. Qe4 Bxb3 26. axb3 Rd2 27. h3 Rxb2 28. Bd3 g6 29. Bc4 Kg7 30. Qxe5+ Qxe5 31. Rxe5 b5 32. Bf1 Rd1 0-1

[Event "EU-ch Amateur Online Final 1700/2000"]
[Site "Tornelo INT"]
[Date "2021.04.25"]
[Round "1"]
[White "Ragios, Konstantinos"]
[Black "Safarov, Deniel"]
[Result "1-0"]
[WhiteElo "1968"]
[BlackElo "1720"]
[PlyCount "103"]
[EventDate "2021.04.25"]
[EventType "swiss (rapid)"]
[EventRounds "9"]
[EventCountry "NET"]
[SourceTitle "EXT 2023"]
[Source "ChessBase"]
[SourceDate "2022.10.05"]
[SourceVersion "1"]
[SourceVersionDate "2022.10.05"]
[SourceQuality "1"]

1. e4 c5 2. Nf3 d6 3. d4 cxd4 4. Nxd4 Nf6 5. Nc3 Nc6 6. Be2 e5 7. Nb3 Be7 8. Be3 Be6 9. 0-0 0-0 10. Qd2 d5 11. exd5 Nxd5 12. Nxd5 Qxd5 13. Qxd5 Bxd5 14. Rfd1 Be6 15. Nc5 Bxc5 16. Bxc5 Rfd8 17. c3 f6 18. Kf1 Kf7 19. Bf3 f5 20. Ke1 e4 21. Be2 Rac8 22. Bb5 Ne5 23. Rxd8 Rxd8 24. Bxa7 f4 25. Bd4 Ng6 26. g3 h5 27. h4 fxg3 28. fxg3 Ne7 29. Be2 Nf5 30. Be5 g6 31. Bf4 e3 32. Bf3 Rd2 33. b3 b5 34. Be2 b4 35. cxb4 Nd4 36. Bd1 Rh2 37. Bxe3 Nc2+ 38. Bxc2 Rh1+ 39. Kd2 Rxa1 40. a4 Ra2 41. Kc3 Bf5 42. Bxf5 gxf5 43. b5 Ke6 44. Kc4 Kd6 45. Bf4+ Kd7 46. Kc5 Rc2+ 47. Kb6 Rb2 48. a5 Rxb3 49. a6 Ra3 50. Kb7 Ra5 51. b6 Kd8 52. a7 1-0

[Event "EU-ch Amateur Online 1700/2000"]
[Site "Tornelo INT"]
[Date "2021.04.24"]
[Round "4"]
[White "Ragios, Konstantinos"]
[Black "Roubal, Matyas"]
[Result "1/2-1/2"]
[WhiteElo "1968"]
[BlackElo "1643"]
[PlyCount "120"]
[EventDate "2021.04.24"]
[EventType "swiss (rapid)"]
[EventRounds "8"]
[EventCountry "NET"]
[SourceTitle "EXT 2023"]
[Source "ChessBase"]
[SourceDate "2022.10.05"]
[SourceVersion "1"]
[SourceVersionDate "2022.10.05"]
[SourceQuality "1"]

1. e4 c5 2. Nf3 Nc6 3. d4 cxd4 4. Nxd4 g6 5. Nc3 Bg7 6. Be3 Nf6 7. Be2 0-0 8. 0-0 d5 9. exd5 Nxd5 10. Nxd5 Nxd4 11. Bxd4 Qxd5 12. Bxg7 Qxd1 13. Rfxd1 Kxg7 14. Bf3 Rb8 15. Rd2 Be6 16. Rad1 b6 17. a3 Rbc8 18. Be2 Rc7 19. f3 Rfc8 20. c3 Bb3 21. Re1 Be6 22. Bb5 Kf6 23. Ba4 Rb8 24. Red1 b5 25. Bc2 a5 26. Rd8 Rxd8 27. Rxd8 b4 28. axb4 axb4 29. Rd3 Bf5 30. Rd2 bxc3 31. bxc3 Rxc3 32. Bxf5 Kxf5 33. Kf2 e5 34. Ra2 Rc7 35. Re2 f6 36. Ra2 Ke6 37. Ra6+ Kf7 38. Rd6 Re7 39. Ke3 f5 40. g3 Re6 41. Rd7+ Re7 42. Rd6 h6 43. Ra6 Re6 44. Ra7+ Kf6 45. Rh7 h5 46. Ra7 Rb6 47. Ra3 g5 48. f4 e4 49. h3 Rd6 50. Rb3 Ra6 51. Rc3 Re6 52. Rc5 gxf4+ 53. Kxf4 e3 54. Rc1 e2 55. Re1 Re4+ 56. Kf3 Ke5 57. Rxe2 Rxe2 58. Kxe2 Ke4 59. Kf2 f4 60. Kg2 fxg3 1/2-1/2

[Event "Heraklion Gazi op 13th"]
[Site "Heraklion"]
[Date "2017.08.05"]
[Round "9"]
[White "Lirindzakis, Timotheos"]
[Black "Ragios, Konstantinos"]
[Result "1/2-1/2"]
[WhiteElo "2172"]
[BlackElo "1920"]
[PlyCount "52"]
[EventDate "2017.07.28"]
[EventType "swiss"]
[EventRounds "9"]
[EventCountry "GRE"]
[SourceTitle "CBM 179 Extra"]
[Source "ChessBase"]
[SourceDate "2017.08.23"]
[SourceVersion "1"]
[SourceVersionDate "2017.08.23"]
[SourceQuality "1"]

1. d4 d5 2. c4 e6 3. Nf3 Nf6 4. Nc3 Be7 5. Bf4 b6 6. e3 0-0 7. cxd5 Nxd5 8. Nxd5 exd5 9. Bd3 c5 10. b3 Bb7 11. 0-0 Nd7 12. Rc1 Nf6 13. Bg5 Nd7 14. Bxe7 Qxe7 15. Qc2 g6 16. Qb2 Rac8 17. Rc2 Rc7 18. Rfc1 Rfc8 19. Bb5 Bc6 20. Be2 Bb7 21. Qa3 Qf8 22. Bb5 c4 23. Qa4 Nf6 24. Ba6 Bc6 25. Bb5 Bb7 26. Ba6 Bc6 1/2-1/2

[Event "GRE-chT 44th"]
[Site "Achaia"]
[Date "2016.07.08"]
[Round "5.17"]
[White "Ragios, Konstantinos"]
[Black "Giannoutsos, Panagiotis"]
[Result "1/2-1/2"]
[WhiteElo "1862"]
[BlackElo "1700"]
[PlyCount "62"]
[EventDate "2016.07.05"]
[EventType "team-swiss"]
[EventRounds "7"]
[EventCountry "GRE"]
[SourceTitle "CBM 173 Extra"]
[Source "ChessBase"]
[SourceDate "2016.08.29"]
[SourceVersion "1"]
[SourceVersionDate "2016.08.29"]
[SourceQuality "1"]
[WhiteTeam "Elefsinas STM"]
[BlackTeam "Evia HS"]
[WhiteTeamCountry "GRE"]
[BlackTeamCountry "GRE"]

1. e4 e5 2. Nf3 Nc6 3. Bb5 a6 4. Ba4 Nf6 5. 0-0 Be7 6. Re1 b5 7. Bb3 d6 8. h3 0-0 9. c3 Na5 10. Bc2 c5 11. d4 Qc7 12. Nbd2 Nc6 13. Nf1 Bd7 14. Ne3 cxd4 15. cxd4 Rfe8 16. a4 Nb4 17. axb5 Nxc2 18. Qxc2 Qxc2 19. Nxc2 Bxb5 20. Na3 Bd3 21. Bg5 h6 22. Bxf6 Bxf6 23. Rad1 Bb5 24. Nxb5 axb5 25. dxe5 Bxe5 26. Nxe5 dxe5 27. Rd5 Rab8 28. b4 f6 29. Rc1 Rb7 30. Rcc5 Reb8 31. f3 Kf7 1/2-1/2

[Event "GRE-chT 42nd"]
[Site "Porto Rio"]
[Date "2014.07.01"]
[Round "5.8"]
[White "Tetepoulidis, Ioannis"]
[Black "Ragios, Konstantinos"]
[Result "1-0"]
[WhiteElo "1720"]
[BlackElo "1830"]
[PlyCount "97"]
[EventDate "2014.06.28"]
[EventType "team-swiss"]
[EventRounds "7"]
[EventCountry "GRE"]
[SourceTitle "CBM 161 Extra"]
[Source "ChessBase"]
[SourceDate "2014.08.29"]
[SourceVersion "1"]
[SourceVersionDate "2014.08.29"]
[SourceQuality "1"]
[WhiteTeam "Polichnis"]
[BlackTeam "Elefsinas STM"]
[WhiteTeamCountry "GRE"]
[BlackTeamCountry "GRE"]

1. e4 e5 2. Nf3 Nc6 3. d4 exd4 4. Bc4 Nf6 5. e5 d5 6. Bb5 Ne4 7. Nxd4 Bd7 8. Bxc6 bxc6 9. 0-0 Bc5 10. f3 Ng5 11. f4 Ne4 12. Be3 Bb6 13. Nd2 Nxd2 14. Qxd2 c5 15. Nb3 d4 16. Bf2 Bc6 17. c4 0-0 18. f5 f6 19. Bh4 a5 20. Nc1 Qe8 21. e6 Qe7 22. Nd3 Be4 23. Rae1 Bxd3 24. Qxd3 c6 25. Bg3 Ra7 26. Qe4 Rc8 27. Rf3 Qe8 28. e7 Raa8 29. Bd6 Qf7 30. Rb3 Bc7 31. Bxc5 Be5 32. Bxd4 Bxd4+ 33. Qxd4 Re8 34. Qe4 Ra7 35. Qxc6 Raxe7 36. Rxe7 Qxe7 37. Qe6+ Qxe6 38. fxe6 Rxe6 39. Kf2 Re4 40. Rc3 Kf7 41. b3 Re6 42. a3 Rd6 43. c5 Rc6 44. Ke3 Ke7 45. Kd4 a4 46. b4 Kd7 47. Kd5 f5 48. b5 Rg6 49. Rg3 1-0

[Event "GRE-ch U16"]
[Site "Kallithea"]
[Date "2010.06.27"]
[Round "3"]
[White "Ragios, Konstantinos"]
[Black "Anagnostopoulos, Konstantinos"]
[Result "0-1"]
[WhiteElo "1652"]
[BlackElo "1893"]
[PlyCount "42"]
[EventDate "2010.06.26"]
[EventType "swiss"]
[EventRounds "9"]
[EventCountry "GRE"]
[SourceTitle "CBM 137 Extra"]
[Source "ChessBase"]
[SourceDate "2010.09.01"]
[SourceVersion "1"]
[SourceVersionDate "2010.09.01"]
[SourceQuality "1"]

1. e4 e5 2. Nf3 Nc6 3. Bb5 a6 4. Ba4 Nf6 5. 0-0 b5 6. Bb3 Bc5 7. d3 d6 8. c3 Bb6 9. Bg5 h6 10. Bh4 Ne7 11. Nbd2 g5 12. Bg3 Ng6 13. h3 Nf4 14. d4 N6h5 15. Bxf4 Nxf4 16. dxe5 g4 17. hxg4 Bxg4 18. exd6 Rg8 19. g3 Qxd6 20. e5 Qg6 21. Bc2 Bf5 0-1